Normal view
MARC view
- 1. Fluids,Flow . Simulation.Numerical methods
Entry Topical Term
001 - CONTROL NUMBER
- control field: 1820
003 - CONTROL NUMBER IDENTIFIER
- control field: NUST
005 - DATE AND TIME OF LATEST TRANSACTION
- control field: 20170601120343.0
008 - FIXED-LENGTH DATA ELEMENTS
- fixed length control field: 170601|| aca||aabn | a|a d
040 ## - CATALOGING SOURCE
- Original cataloging agency: NUST
- Transcribing agency: NUST
150 ## - HEADING--TOPICAL TERM
- Topical term or geographic name entry element: 1. Fluids,Flow . Simulation.Numerical methods
670 ## - SOURCE DATA FOUND
- Source citation: Work cat.: (NUST)23700: Hirsch, Charles 1818, Numerical Computation of Internal and External Flows :, c1984
